|
|
|
|
| LEADER |
01544nam a2200289 a 4500 |
| 001 |
GR-MES17240 |
| 008 |
150612s2013 gr gz 000 0 gre d |
| 040 |
|
|
|a GrPaTEI
|b gre
|c GR-PaULI
|
| 040 |
|
|
|a GrPaTEI
|b gre
|c GR-PaULI
|
| 100 |
1 |
|
|a Βλάχου, Βασιλική
|
| 245 |
1 |
0 |
|a Διασύνδεση σταθμού βάσης κινητής τηλεφωνίας με το δίκτυο μέσω fiber to the BTS site /
|c Σπουδάστρια: Βλάχου Βασιλική ; Επιβλέπων: λούβρος Σπυρίδων.
|
| 260 |
|
|
|a Ναύπακτος :
|b ΤΕΙ Μεσολογγίου,
|c 2013
|
| 300 |
|
|
|a 114 σ. :
|b εικ., πιν.
|
| 504 |
|
|
|a Βιβλιογραφία: σ. 112
|
| 610 |
2 |
4 |
|a Τμήμα Μηχανικών Πληροφορικής Τ.Ε. (Αντίρριο)
|
| 650 |
|
4 |
|a Οπτικές επικοινωνίες
|
| 650 |
|
4 |
|a Οπτικές ίνες
|
| 650 |
|
4 |
|a Πτυχιακή εργασία
|y 2013
|
| 650 |
|
4 |
|a Τηλεπικοινωνίες
|z Ελλάς
|
| 700 |
1 |
|
|a Λούβρος, Σπυρίδων
|
| 710 |
0 |
|
|a ΤΕΙ Μεσολογγίου
|
| 710 |
2 |
|
|a Τμήμα Τηλεπικοινωνιακών Συστημάτων και Δικτύων
|
| 856 |
4 |
0 |
|u https://nereus.library.upatras.gr/formermes//ptyxiakes/ste/ste_cied/2011-2015/610pe.pdf
|
| 942 |
|
|
|2 ddc
|
| 952 |
|
|
|0 0
|1 0
|2 ddc
|4 0
|7 0
|9 275330
|a MSLG
|b MSLG
|c BSC
|d 2021-01-17
|e 24
|f 0
|g 0.00
|l 0
|p 24200610
|r 2021-01-17 00:00:00
|t 1
|v 2021.00
|w 2021-01-17
|y BK15
|x 20150612 0 A.I. 0
|x GrPaTEI
|
| 971 |
|
|
|a .b2583289x
|b 15-04-20
|c 13-09-16
|
| 999 |
|
|
|c 159514
|d 159514
|